Derechos y garantías: la ley del más débil

Saved in:
Bibliographic Details
Main Author: Ferrajoli, Luigi (Author)
Format: Book
Language:Spanish
Published: Madrid Trotta 1999
Series:Colección Estructuras y Procesos, Serie Derecho
Subjects:
Tags: Add Tag
No Tags, Be the first to tag this record!

MARC

LEADER 00000nam a2200000 a 4500
001 UCP4189
003 CL-VaPUC
008 990724e19990000SP |||||||||||||||||spa|d
020 |a 8481642851 
082 0 4 |a 340.1  |b FER  |2 21 
100 0 |a Ferrajoli, Luigi  |e author  |9 431645 
245 1 0 |a Derechos y garantías: la ley del más débil 
300 |a 180 p 
942 |c BK 
945 |d 19990724 00:00:00  |a vberengu 
260 |a Madrid  |b Trotta  |c 1999 
650 0 |a Garantías  |9 385837 
650 0 |a Derechos fundamentales   |9 254841 
650 0 |a Igualdad  |9 258477 
650 7 |a DIFERENCIA  |2 CL-VaPUC  |9 431646 
650 7 |a CIUDADANOS  |2 CL-VaPUC  |9 431647 
650 7 |a DERECHO DE LAS PERSONAS  |2 CL-VaPUC  |9 400542 
650 0 |a Soberanía  |9 266726 
583 |a last modification  |c 19990724 00:00:00  |k Rodrigo Vera 
490 0 |a Colección Estructuras y Procesos, Serie Derecho 
999 |c 282240  |d 282238 
952 |0 0  |1 0  |4 0  |6 340_100000000000000_FER_1999  |7 0  |8 DER_TF  |9 323795  |a BIBDER  |b BIBDER  |d 2019-11-20  |i 3539210  |o 340.1 FER 1999  |p 3539210  |r 2023-01-25  |w 2019-11-20  |x Ubicación 4to Piso  |y BK  |z Estos recursos deben solicitarse con anticipación  |k DER 
952 |0 0  |1 0  |4 0  |6 340_100000000000000_FER_1999  |7 0  |8 A  |9 323796  |a BIBDER  |b BIBDER  |d 2019-11-20  |i 4067118  |l 3  |o 340.1 FER 1999  |p 4067118  |r 2024-05-03  |s 2024-04-11  |w 2019-11-20  |y BK  |k DER